UBT Library

Nutrient requirements of small ruminants : (Record no. 44789)

000 -LEADER
fixed length control field 01144cam a2200277 a 4500
001 - CONTROL NUMBER
control field 14524201
005 - DATE AND TIME OF LATEST TRANSACTION
control field 20180312095948.0
008 - FIXED-LENGTH DATA ELEMENTS--GENERAL INFORMATION
fixed length control field 060829s2007 dcua b 001 0 eng
010 ## - LIBRARY OF CONGRESS CONTROL NUMBER
LC control number 2006028306
020 ## - INTERNATIONAL STANDARD BOOK NUMBER
International Standard Book Number 0309102138 (cloth)
020 ## - INTERNATIONAL STANDARD BOOK NUMBER
International Standard Book Number 9780309102131 (cloth)
020 ## - INTERNATIONAL STANDARD BOOK NUMBER
International Standard Book Number 0309660998 (pdf)
020 ## - INTERNATIONAL STANDARD BOOK NUMBER
International Standard Book Number 9780309660990 (pdf)
035 ## - SYSTEM CONTROL NUMBER
System control number (OCoLC)ocm71266412
040 ## - CATALOGING SOURCE
Original cataloging agency DLC
Transcribing agency DLC
Modifying agency BAKER
-- C#P
-- YDX
-- YDXCP
-- OCLCA
-- CUX
-- IXA
-- DLC
041 ## - LANGUAGE CODE
Language code of text/sound track or separate title eng
080 ## - UNIVERSAL DECIMAL CLASSIFICATION NUMBER
Universal Decimal Classification number 636.3/0852 CER
082 00 - DEWEY DECIMAL CLASSIFICATION NUMBER
Classification number 636.3/0852 CER
Edition number 22
100 ## - Rafti
Rafti 9
101 ## - Shkurtesa
Shkurtesa NUT
245 00 - TITLE STATEMENT
Title Nutrient requirements of small ruminants :
Statement of responsibility, etc Committee on Nutrient Requirements of Small Ruminants, Board on Agriculture and Natural Resources, Division on Earth and Life Studies, National Research Council of the National Academies.
504 ## - BIBLIOGRAPHY, ETC. NOTE
Bibliography, etc Includes bibliographical references and index.
906 ## - LOCAL DATA ELEMENT F, LDF (RLIN)
a 7
b cbc
c orignew
d 1
e ecip
f 20
g y-gencatlg
942 ## - ADDED ENTRY ELEMENTS (KOHA)
Source of classification or shelving scheme
Item type Books
Holdings
Withdrawn status Lost status Source of classification or shelving scheme Damaged status Not for loan Collection code Permanent location Current location Shelving location Date acquired Total Checkouts Full call number Barcode Date last seen Price effective from Koha item type
          Koleksioni i përgjithshem UBT - Lipjan UBT - Lipjan Koleksioni i përgjithshem 03/12/2018   636.3/0852 CER 002-3001750 03/12/2018 03/12/2018 Books
UBT Library © 2015-2024. All rights reserved University Education for Business and Technology